Fundamentals of engineering supplied-reference handbook (Record no. 44141)

MARC details
000 -LEADER
fixed length control field 00666nam a2200145 a 4500
008 - FIXED-LENGTH DATA ELEMENTS--GENERAL INFORMATION
fixed length control field 210225s2008 ||||||||||||||||| || u
020 ## - INTERNATIONAL STANDARD BOOK NUMBER
International Standard Book Number 9781932613377
050 ## - LIBRARY OF CONGRESS CALL NUMBER
Classification number TA 151 Nat
100 ## - MAIN ENTRY--PERSONAL NAME
Personal name National council of examiners for engineering and surveying
245 10 - TITLE STATEMENT
Title Fundamentals of engineering supplied-reference handbook
Statement of responsibility, etc. By National council of examiners
260 ## - PUBLICATION, DISTRIBUTION, ETC.
Place of publication, distribution, etc. USA
Name of publisher, distributor, etc. National council of examiners for engineering and surveying
Date of publication, distribution, etc. 2008
300 ## - PHYSICAL DESCRIPTION
Extent v,258 pages:illustrations
350 ## - PRICE (NR) (BK AM CF MU VM SE) [OBSOLETE]
Price 27.88
995 ## - RECOMMENDATION 995 [LOCAL, UNIMARC FRANCE]
-- CBU-MAIN LIBRARY (Kitwe)
-- 27.88
-- 1
-- AVAILABLE
-- Mar 30, 2021
-- Main Library Open Access Collection
Holdings
Withdrawn status Lost status Source of classification or shelving scheme Damaged status Not for loan Home library Current library Shelving location Date acquired Total Checkouts Full call number Barcode Date last seen Price effective from Koha item type
          CBU-MAIN LIBRARY, KITWE. CBU-MAIN LIBRARY, KITWE.   11/30/2022   TA 151 Nat 750829 11/30/2022 11/30/2022 MONOGRAPH